| 000 | 01050nam a22002537a 4500 | ||
|---|---|---|---|
| 001 | 5684 | ||
| 003 | FISKH | ||
| 005 | 20250113123931.0 | ||
| 008 | 250113b cb ||||| |||| 00| 0 eng d | ||
| 020 | _a9780756663742 | ||
| 040 |
_aFISKH _beng _cFISKH _dFISKH |
||
| 050 | _aE179.Y56 | ||
| 082 | _a973.02 | ||
| 100 | _aYing, Chris | ||
| 245 |
_a109 forgotten American heroes / _cby Chris Ying and Brian McMullen |
||
| 250 | _aFirst published in the United States in 2009 | ||
| 260 |
_aNew York : _bDK Publishing ; _c2009 . |
||
| 300 |
_a175 pages : _bcolor illustrations ; _c28 cm . |
||
| 520 | _aPhotographs, graphics, and text bring to life the contributions, inventions, wisdom, savvy, and courage of 109 American originals, including Frank Epperson, the inventor of the popsicle, cereal creator John Harvey Kellogg, and Shamu, the killer whale who began her stay at the San Diego Sea World in 1965. | ||
| 650 |
_aAmerican history _vnon-fiction |
||
| 700 |
_aRoychoudhuri, Onnesha _eAssistant edior |
||
| 942 |
_2ddc _cBK _n0 |
||
| 999 |
_c5684 _d5684 |
||